|
|
|
|
| LEADER |
00000nab a2200000 a 4500 |
| 001 |
vtls000622348 |
| 003 |
SK-MaSNL |
| 005 |
20260426070807.0 |
| 008 |
201103c1997 xo 0 slo |
| 015 |
|
|
|a SNBRB19rr/mm-uuuuu
|
| 035 |
|
|
|a CL0622487
|
| 040 |
|
|
|a SNKBUCL
|b slo
|c SNKBUCL
|e AACR2
|
| 041 |
0 |
|
|a slo
|
| 044 |
|
|
|a xo
|c SK
|
| 080 |
|
|
|a 396.1
|2 1981
|
| 080 |
|
|
|a 331.5-055.2(437.6)
|2 1981
|
| 100 |
1 |
|
|a Bartošíková, Mária
|4 aut
|9 994516
|
| 245 |
1 |
0 |
|a Chceme, aby žena mala na trhu práce rovnaké postavenie ako muž
|b Dnes: Mária Bartošíková, poslankyňa NR SR za HZDS
|c Mária Bartošíková, Jarmila Malecová
|
| 300 |
|
|
|b Fotogr. 1
|
| 650 |
0 |
7 |
|a trh práce
|2 snkbucl
|9 2371
|
| 650 |
0 |
7 |
|a ženy
|2 snkbucl
|9 4865
|
| 651 |
|
7 |
|a Slovensko
|2 SNKPHgeo
|9 14231
|
| 655 |
|
7 |
|a články z novín a časopisov
|2 snkbucl
|9 267496
|
| 700 |
1 |
|
|a Malecová, Jarmila
|4 aut
|9 681050
|
| 773 |
0 |
|
|t Slovenská republika
|g Roč. 5, č. 128 (5. 6. 1997)
|
| 773 |
0 |
|
|t [Príl.] Slovensko do toho!
|g Roč. 3, č. 23 (1997), s. VI.
|
| 850 |
|
|
|a Slovenská národná knižnica v Martine
|a MTA001
|
| 852 |
|
|
|a SNK
|b KIS3GCP
|
| 958 |
|
|
|a SK
|
| 958 |
|
|
|a RK
|
| 958 |
|
|
|a RBX
|
| 999 |
|
|
|c 2671253
|d 2673183
|